000 00377cam a22001217a 4500
008 180718b1971 xxu||||| |||| 00| 0 eng d
082 _aI513 Ar39m
100 _aArgyris, Chris
245 _aManagement and organizational development; the path form XA to YB
_cby Chris Argyris
260 _aNew York
_bMcGraw-Hill
_c1971
300 _a211p.
650 _aAdministrative Organisation
999 _c340133
_d340133